000 00412cam a2200169 4500
001 50D13193
008 090401t1914 xxu||||| |||| 00| 0 eng d
035 _a(Sirsi) u94377
041 _aeng
100 _aLamputt, H.G.
245 _aNotes on the valuation of real property
260 _aLondon
_bCrosby Lockwood and Son
_c1914
300 _a50p. ; 19cm.
350 _a0
942 _n0
948 _c04/03/1997
999 _c98006
_d98006